South Eastern Kenya University

Library Online Public Access Catalogue


Botany (Record no. 9564)

MARC details
000 -LEADER
fixed length control field 00349nam a22001457a 4500
050 ## - LIBRARY OF CONGRESS CALL NUMBER
Classification Number QK 47
Item Number .W5 1967
100 ## - MAIN ENTRY--Author
Personal name Wilson, L. Carl
245 ## - TITLE
Title Botany
Statement of responsibility, etc Carl L. Wilson, Walter E. Loomis
250 ## - EDITIONSTATEMENT
Edition statement 4th ed.
260 ## - PUBLICATION, DISTRIBUTION, ETC.(IMPRINT)
Place of publication, distribution, etc New York:
Name of publisher, distributor, etc Winston,
Date of publication, distribution, etc 1967.
300 ## - PHYSICAL DESCRIPTION
Extent 626 p. :
650 ## - SUBJECT--TOPIC
Topical term following geographic name as entry element Botany
700 ## - ADDED ENTRY--PERSONAL AUTHOR
Personal Name Loomis, E. Walter
942 ## - ADDED ENTRY ELEMENTS(KOHA)
Source of classification or shelving scheme Library of Congress Classification
Koha item type General circulation
Holdings
Source of classification or shelving scheme Not for loan Location (home branch) Sublocation (holding branch) Shelving location Date accessioned Full call number Barcode Koha item type
Library of Congress Classification   Mtito Andei Centre Library Mtito Andei Centre Library   26/10/2015 QK 47 .W5 1967 2015/009507 General circulation
Kitui, Kenya.
+254736116989
library@seku.ac.ke